Microeconomic optimization equilibrium models of demand and supply for network industries markets

Analýza správania producentov a spotrebiteľov na trhu sieťových odvetví a umiestnenia produktov na trhu.

Gespeichert in:
Bibliographische Detailangaben
1. Verfasser: Fendek, Michal
Weitere Verfasser: Fendeková, Eleonora, 1952-
Format: Buchkapitel
Sprache:Englisch
Schlagworte:
Tags: Tag hinzufügen
Keine Tags, Fügen Sie das erste Tag hinzu!

MARC

LEADER 00000nla a2200000 4500
001 0222326
005 20240502083551.5
041 0 |a eng 
044 |a CZ 
245 1 0 |a Microeconomic optimization equilibrium models of demand and supply for network industries markets  |c Michal Fendek, Eleonora Fendeková 
520 |a Analýza správania producentov a spotrebiteľov na trhu sieťových odvetví a umiestnenia produktov na trhu. 
610 2 0 |a preferencie spotrebiteľské 
610 2 0 |a blahobyt 
610 2 0 |a optimalizácia 
610 2 0 |a odvetvia sieťové 
610 2 0 |a rovnováha 
100 1 |a Fendek, Michal 
700 1 |a Fendeková, Eleonora, 1952-